|
|
|
|
| LEADER |
00000nam a22000007a 4500 |
| 005 |
2021090208248.0 |
| 007 |
cr|||| ||| |
| 008 |
210902s2007 ca |||||s|||| 00||0 eng d |
| 020 |
|
|
|a 9781459336339
|
| 035 |
|
|
|a 35351
|
| 040 |
|
|
|a vLex
|
| 090 |
|
|
|c 12211
|d 12211
|
| 245 |
0 |
0 |
|a Special Lectures 2007
|h [Recurso electrn̤ico] :
|b Employment Law
|
| 256 |
|
|
|a Servicio en ln̕ea
|
| 260 |
|
|
|a Toronto:
|b Irwin Law Inc.,
|c 2007
|
| 300 |
|
|
|a 1 recurso electrn̤ico
|
| 500 |
|
|
|a This volume represents the first Law Society of Upper Canada Special Lectures devoted exclusively to employment law since 1976. An accomplished faculty of senior lawyers provides an in-depth analysis of the pivotal developments in employment law in the last 30 years. This collection includes a comprehensive examination of the leading cases and a thorough discussion of the central themes in all areas of employment law. Special Lectures 2007 is an up-to-date, exhaustive review of employment law concepts.
|
| 506 |
1 |
|
|a Disponible solo en los productos indicados
|d vLex Global
|d vLex Global (Academic Edition, excluding Law Schools)
|d vLex Global (U.S. Academic Edition, Law Schools)
|d vLex Global (U.S. Academic Edition, excluding Law Schools)
|d vLex Global (Academic Edition, Law Schools)
|
| 650 |
0 |
4 |
|a Derecho Laboral y Seguridad Social
|z Canad̀
|
| 740 |
0 |
|
|a vLex Libros (Servicio en ln̕ea)
|
| 856 |
4 |
0 |
|u https://app.vlex.com/#/sources/35351
|z Acceso restringido
|
| 942 |
|
|
|c BOOK
|
| 999 |
0 |
|
|a Labor law and social security
|